Experiments in fluid mechanics (Record no. 8243)

MARC details
000 -LEADER
fixed length control field 00469nam a2200217Ia 4500
001 - CONTROL NUMBER
control field 081490
003 - CONTROL NUMBER IDENTIFIER
control field YMCAF
005 - DATE AND TIME OF LATEST TRANSACTION
control field 20230512161336.0
008 - FIXED-LENGTH DATA ELEMENTS--GENERAL INFORMATION
fixed length control field 100717s2002 ||||||||||||||||| ||und|d
024 ## - OTHER STANDARD IDENTIFIER
Standard number or code 81490
035 ## - SYSTEM CONTROL NUMBER
System control number 20950
040 ## - CATALOGING SOURCE
Original cataloging agency YMCAF
Language of cataloging eng
Transcribing agency IN-KoLT
041 ## - LANGUAGE CODE
Language code of text/sound track or separate title eng
082 ## - DEWEY DECIMAL CLASSIFICATION NUMBER
Classification number 620.106
Item number KAP
100 ## - MAIN ENTRY--PERSONAL NAME
Personal name Kapoor, B S
245 #0 - TITLE STATEMENT
Title Experiments in fluid mechanics
250 ## - EDITION STATEMENT
Edition statement 3rd
260 ## - PUBLICATION, DISTRIBUTION, ETC.
Name of publisher, distributor, etc. Khanna
Date of publication, distribution, etc. 2002
300 ## - PHYSICAL DESCRIPTION
Extent 244
942 ## - ADDED ENTRY ELEMENTS (KOHA)
Source of classification or shelving scheme Dewey Decimal Classification
Koha item type Books
Holdings
Withdrawn status Lost status Damaged status Not for loan Home library Current library Date acquired Cost, normal purchase price Total Checkouts Barcode Date last seen Cost, replacement price Price effective from Koha item type Public note G
        JC Bose University of Science & Technology JC Bose University of Science & Technology 17/07/2010 75.00   20954 12/05/2023 75.00 12/05/2023 Books C 5374
        JC Bose University of Science & Technology JC Bose University of Science & Technology 17/07/2010 75.00   20950 12/05/2023 75.00 12/05/2023 Books C 5374
        JC Bose University of Science & Technology JC Bose University of Science & Technology 17/07/2010 75.00   20951 12/05/2023 75.00 12/05/2023 Books C 5374
        JC Bose University of Science & Technology JC Bose University of Science & Technology 17/07/2010 75.00   20952 12/05/2023 75.00 12/05/2023 Books C 5374
        JC Bose University of Science & Technology JC Bose University of Science & Technology 17/07/2010 75.00   20953 12/05/2023 75.00 12/05/2023 Books C 5374